02099cam a2200325 i 45000010009000000050017000090080041000260100017000670200018000840350024001020400068001260410008001940420014002020500024002162450119002402460064003592600070004233000040004935040052005335200837005856500047014226500043014696500031015127000034015437000029015777000047016069420008016539520097016619990015017582295296320250408085445.0230202t20222022enka b 001 0 eng d a 2022304591 a9781787754188 a(OCoLC)on1268127358 aUKMGBbengcUKMGBerdadOCLCOdBDXdOCLCFdNTUdYDXdOCLCOdDLC aeng alccopycat00aHV6545.8b.P74 202200aPreventing and responding to student suicidec/ edited by Sharon Mallon and Jo Smith ; foreword by Rosie Tressler.1 iSubtitle on cover:aPractical guide for FE and HE settings. aLondon ;aPhiladelphia, PA :bJessica Kingsley Publishers,c2022. a400 pages :billustrations ;c23 cm aIncludes bibliographical references and indexes aThis practical book covers issues related to suicide risk, prevention and postvention in Higher and Further Education communities. Compiled by 37 experts, it is an authoritative guide to an issue that is causing increasingly large concern for FE and HE institutions and covers multiple evidence-backed approaches with a pragmatic focus. It is the first that specifically deals with student suicide in FE Colleges and universities, encouraging a holistic, institutional response. Chapters are split into three sections, beginning with understanding and preventing student suicide among students, followed by responses to risk, including a model for student prevention in HE settings. The book concludes with the response to student death by suicide with advice on postvention, and how to support bereaved family, staff, and students. 0aCollege studentsxSuicidal behavior925139 0aCollege studentsxMental health925140 0aSuicidexPrevention925141 aMallon, Sharoneeditor925142 aSmith, Joeeditor925143 aTressler, Rosieewriter of foreword925144 2lcc 00102lcc4070aTBSbTBSd2025-04-08l0oHV6545.8 MALpB05895r2025-04-08t1w2025-04-08y1 c4635d4635